000 01215nam a2200313 4500
003 EG-GICUC
005 20260121101228.0
008 251116s2005 ua ||||fr|||| 00| 0 ara d
040 _a EG-GICUC
_bara
_c EG-GICUC
_d EG-GICUC
_erda
041 0 _aara
082 0 4 _221
_a341.851
_bم ن . ا
092 0 4 _221
099 _aLaw1 12 341.851 م ن . ا 2005
100 0 _aمنير محمد الجنبيهي
_eمؤلف.
245 1 2 _aالإعترافات بقرارات التحكيم الأجنبية وإنفاذها /
_cمنير محمد الجنبيهى، ممدوح محمد الجنبيهى.
264 1 _aالاسكندرية :
_bدار الفكر الجامعى،
_c2005.
300 _a220 ؛صفحة
_c24 سم
336 _2rda content
_atext
337 _2rda media
_aComputer
338 _2rda carrier
_aOnline Resource
504 _aيحتوي على اراجاعات ببليوجرافية
546 _aالنص باللغة العربية
650 1 _aالتحكيم - قانون دولي
651 1 _2qrmak
700 _a ممدوح محمد الجنبيهى
_eمؤلف.
856 4 0 _uhttps://fll.law.cu.edu.eg/fulltext/bks/B12-00945.pdf
905 _a75
_eYara
942 _2ddc
_n0
_cBK
_e21
999 _c43631
_d43631